[Event "EIWCC 2017"]
[Site "Riga"]
[Date "2017.04.11"]
[Round "1"]
[White "Khotenashvili, Bela"]
[Black "Kantane, Anna"]
[Result "1-0"]
[WhiteElo "2445"]
[BlackElo "2230"]
[Annotator "TA"]
[PlyCount "83"]
[EventDate "2017.??.??"]
[EventType "swiss"]
[EventCountry "LAT"]
[SourceTitle "playchess.com"]
[Source "ChessBase"]
[SourceQuality "1"]

{[%evp 9,83,20,39,14,23,19,23,20,27,26,40,23,33,41,39,25,33,35,55,-11,-4,-11,-13,-8,-15,-13,0,0,49,12,24,-6,155,159,152,155,208,193,216,209,237,217,394,366,418,405,379,382,401,387,1179,911,1079,1080,1050,1053,1577,523,523,523,523,523,523,523,523,523,523,516,664,664,664,335,29988,29989,29990,29991]} 1. c4 e5 2. Nc3 Nc6 3. g3 Bc5 4. Bg2 a6 {A25: English Opening vs King's Indian with ...Nc6 but without early d3} 5. e3 Ba7 {LiveBook: 8 Games} 6. b3 d6 {The position is equal.} 7. Bb2 Nf6 $146 (7... Nge7 8. d3 Bf5 9. Qd2 Qd7 10. h3 O-O 11. Nge2 Rab8 12. Rc1 b5 13. Nd5 bxc4 14. dxc4 {½-½ (29) Schlosser,P (2571)-Kunin,V (2561) Austria 2016}) 8. Nge2 h5 9. h3 Bf5 10. d3 Qd7 11. Qd2 O-O-O 12. a3 Be6 13. Nd5 Ne7 {[%cal Rf6d5]} 14. Nec3 (14. Nxf6 $14 gxf6 15. d4) 14... c6 $11 15. Nxe7+ Qxe7 16. b4 d5 17. c5 Nd7 18. h4 f5 19. Ne2 Bb8 $1 20. d4 exd4 $2 (20... f4 $1 $11) 21. Bxd4 $16 (21. Nxd4 $6 Ne5 $14) 21... Nf6 22. Qb2 Rhf8 (22... Kd7 $16 {was worth a try.} 23. O-O Ke8) 23. a4 Bd7 24. Nf4 Be8 25. O-O g6 $2 (25... Rg8 26. Bf3 Ne4) 26. b5 $18 Bxf4 27. bxa6 (27. exf4 cxb5 28. c6 Bxc6 29. axb5 axb5 $18) (27. gxf4 Kd7 28. bxc6+ bxc6 29. Qb7+ Ke6 30. Qxe7+ (30. Qxa6 Ne4 31. Qd3 Ra8 $16) 30... Kxe7 $18) 27... Bb8 28. Rfb1 (28. axb7+ Qxb7 29. Bxf6 Qxb2 30. Bxb2 Ba7 $18) 28... Ne4 {and the idea ...Rf7 leaves Black hopeful.} (28... Rd7 29. Qb6 $18) 29. Qb6 {Hoping for a7.} (29. Qxb7+ Qxb7 30. axb7+ Kd7 $18) (29. axb7+ Kd7 30. a5 Bf7 $18) 29... Nd2 $2 (29... Kd7 30. Qa5 (30. axb7 g5 31. a5 gxh4 $16) 30... Ke6) 30. a7 (30. Qxb7+ Qxb7 31. axb7+ Kd7 $18) 30... Bxa7 31. Qxa7 Nxb1 32. Rxb1 Qc7 {[#]} 33. f4 (33. Be5 $142 $1 {[%mdl 512]} Rf7 (33... Qxe5 34. Qxb7#) 34. Bxc7 Rxc7 35. Bf1) 33... Qb8 34. Qa5 Kd7 35. Be5 Qc8 36. Rb6 ({Not} 36. Qa7 Ke6 $16) 36... Ke6 37. Qb4 (37. Rxb7 Qxb7 38. Qxd8 Qd7 $16) 37... Rd7 38. a5 Qa8 {[#]} 39. a6 $1 {[%mdl 512]} bxa6 40. Qa4 Rb7 $2 (40... Rd8 $18 41. Bg7 (41. Rxa6 Qb7 $16) 41... Kf7) 41. Bxd5+ Kxd5 42. Qb3+ 1-0

[Event "EIWCC 2017"]
[Site "Riga"]
[Date "2017.04.11"]
[Round "1"]
[White "Daulyte, Deimante"]
[Black "Balaian, Alina"]
[Result "1-0"]
[WhiteElo "2443"]
[BlackElo "2229"]
[Annotator "TA"]
[PlyCount "119"]
[EventDate "2017.??.??"]
[EventType "swiss"]
[EventCountry "LAT"]
[SourceTitle "playchess.com"]
[Source "ChessBase"]
[SourceQuality "1"]

{[%evp 31,119,34,39,35,53,35,50,21,28,22,42,43,36,33,41,44,31,43,29,30,35,22,22,16,20,14,65,29,67,50,87,41,83,70,93,57,116,115,126,94,112,125,160,129,158,166,221,208,291,291,333,325,370,364,358,329,322,331,595,583,882,836,2097,1905,29974,29975,6027,1897,4794,4694,922,922,29979,29980,29980,29981,29981,29982,29982,29983,29988,29989,29997,29990,29995,29989,29991,29991,29991,421]} 1. e4 e6 2. d4 d5 3. Nd2 Nf6 4. e5 Nfd7 5. Bd3 c5 6. c3 Nc6 7. Ne2 cxd4 8. cxd4 f6 9. exf6 Nxf6 10. O-O Bd6 11. Nf3 Qc7 12. Nc3 a6 13. h3 O-O 14. Re1 Bd7 {C06: French Tarrasch: 3...Nf6 4 e5 Nfd7 5 Bd3 main lines} 15. Bd2 Rae8 16. Rc1 Qb8 {LiveBook: 4 Games. White is slightly better.} 17. a3 Kh8 (17... Re7 18. b4 b5 19. Be3 Be8 20. Ne2 a5 {1-0 (42) Hammer,J (2640)-Berg,E (2544) Sweden 2015}) 18. Bg5 e5 $146 (18... Bf4 19. Bxf4 Qxf4 20. Ne2 Qd6 21. Ng3 e5 22. dxe5 Nxe5 23. Nxe5 Rxe5 24. Rxe5 Qxe5 {½-½ (69) Suchomelova,S (1827)-Szucs,M (1983) Hrdonov 2013}) 19. Bxf6 e4 $1 {[%cal Re4f3]} 20. Ne5 Be6 21. Bxe4 dxe4 22. Nxc6 Bh2+ 23. Kh1 bxc6 24. Be5 Bxe5 25. dxe5 Qxb2 26. Re2 $36 {[%mdl 2048] White is more active.} (26. Rxe4 Rxf2 27. Rb4 Qxa3 $17) 26... Qxa3 27. Nxe4 Bd5 $1 28. Nc3 Bc4 ({Black should play} 28... Bb3 $11 29. Qe1 Rf5) 29. Re1 Qe7 (29... Rxf2 $2 30. Qd4 Qb2 31. Qxc4 $18) 30. Qd4 Qe6 31. Rcd1 {[%cal Bc1d1,Bd1d3,Bd3d4][%mdl 32]} h6 32. Kg1 Bb3 33. Rd3 Qe7 {[#]} (33... a5 $14) 34. Qb6 $1 $16 {[%cal Rb6b3]} Bc4 35. Rd4 Qf7 36. f4 {[%cal Bf2f4,Bf4f5][%mdl 32]} Rc8 37. Qc5 Be6 38. Rf1 Qc7 (38... Qb7 {was called for.} 39. g4 Bd5) 39. Rd6 $18 Bf5 40. g4 Bc2 41. f5 Rf7 42. Rf2 Bb3 43. Ne2 Qa7 44. Qc3 ({Not} 44. Qxa7 Rxa7 45. Nd4 Bd5 $18) 44... Qb7 $2 (44... Rb8 45. e6 (45. Rxc6 Bd5 $16) 45... Re7) 45. e6 Rf6 46. Rd7 Qb8 47. Nf4 Bd5 {[#]} 48. Rxg7 $1 {[%mdl 512]} Qb1+ (48... Kxg7 49. Nh5+) 49. Rf1 (49. Kh2 $142 Qh1+ 50. Kg3 Qg1+ 51. Rg2 Qxg2+ 52. Nxg2) 49... Qb3 50. Qxb3 Bxb3 51. Rb7 Bc4 52. Rd1 {White mates.} Bd5 53. Nxd5 cxd5 54. Rxd5 {[%mdl 4096] Endgame KRR-KRR} Kg8 55. Rdd7 Ra8 56. Rg7+ Kf8 57. Rh7 {[%cal Rh7h8]} Ke8 58. Rbe7+ Kd8 59. Reg7 Ke8 60. Rg8+ (60. Rb7 $142 Rc8 61. e7 Rc1+ 62. Kg2 Rc2+ 63. Kg3 Rc3+ 64. Kh4 Rc7 65. Rxc7 Rxf5 66. Rh8+ Kf7 67. e8=Q+ Kf6 68. Rxh6#) 1-0

[Event "EIWCC 2017"]
[Site "Riga"]
[Date "2017.04.11"]
[Round "1"]
[White "Danielian, Elina"]
[Black "Stetsko, Lanita"]
[Result "1/2-1/2"]
[WhiteElo "2437"]
[BlackElo "2226"]
[Annotator "TA"]
[PlyCount "123"]
[EventDate "2017.??.??"]
[EventType "swiss"]
[EventCountry "LAT"]
[SourceTitle "playchess.com"]
[Source "ChessBase"]
[SourceQuality "1"]

{[%evp 19,123,16,28,1,14,-22,-20,-26,-9,0,-11,-30,-43,-56,-16,-15,-13,-10,-8,-10,-4,-5,-5,-8,0,0,0,0,0,0,0,0,4,-9,0,0,0,0,0,0,0,0,0,0,0,0,0,0,0,0,0,0,0,0,0,0,16,22,40,47,58,31,23,30,42,42,37,38,43,43,42,42,59,56,50,26,135,135,131,127,129,125,119,43,39,13,81,86,83,85,86,8,8,0,7,0,0,0,0,0,8,8,8,0,0,0]} 1. d4 Nf6 2. c4 e6 3. Nc3 Bb4 4. e3 O-O 5. Bd3 c5 6. Nf3 d5 7. O-O dxc4 8. Bxc4 b6 9. Qe2 Bb7 10. Rd1 Qc8 {LiveBook: 8 Games} 11. Ne5 $146 {E54: Nimzo-Indian: Rubinstein: Main Line: 7...dxc4 8 Bxc4} (11. Nb5 cxd4 12. Nbxd4 Nc6 13. Nxc6 {½-½ (13) Aleksandrov,A (2619)-Romanov,E (2586) Liepaja 2015}) 11... Rd8 12. Bd3 cxd4 13. exd4 Nc6 14. Nf3 Be7 15. Bg5 Nb4 16. Be4 Bxe4 ({Much weaker is} 16... Nxe4 17. Bxe7 Nxc3 18. bxc3 Qxc3 19. Bxd8 Bxf3 20. Qxf3 $11 (20. gxf3 Rxd8 21. Rac1 Qa3 $11)) 17. Nxe4 Qa6 18. Qxa6 Nxa6 19. Bxf6 gxf6 20. Rac1 Nb4 21. Nc3 Bf8 22. a3 Nd5 23. Nxd5 Rxd5 24. Kf1 Rad8 25. Rc7 a5 26. Re1 Bh6 27. g3 R8d7 28. Rc6 R7d6 29. Rc8+ Rd8 30. Rc6 R8d6 31. Rc2 f5 32. Rc8+ Rd8 33. Rxd8+ Rxd8 $11 {[%mdl 4096] Endgame KRB-KRN} 34. Ke2 f6 35. Kd3 Kf7 36. Re2 e5 {aiming for ...e4+.} 37. Kc3 Rc8+ 38. Kb3 e4 39. Nh4 Ke6 {[#]} 40. g4 $1 {[%mdl 512]} fxg4 {White must now prevent ...f5.} 41. Rxe4+ Kd5 42. Rxg4 Rc4 43. Nf5 a4+ 44. Ka2 Bd2 45. Rh4 Rc2 46. Rxh7 Ke4 47. Ng3+ Kxd4 {[#]} (47... Kf3 $11 {remains equal.}) 48. Rd7+ $1 $16 Ke5 {[#]} 49. Re7+ $1 Kf4 50. Re6 f5 51. Rxb6 (51. Ne2+ $16 Kg4 52. Rxb6) 51... Rc5 $1 $14 52. b4 axb3+ (52... Rd5 $1 $11 {keeps the balance.}) 53. Rxb3 $16 Be1 54. Ne2+ Kg4 55. h3+ ({White should try} 55. f3+ $16 Kg5 56. a4) 55... Kh4 $11 {The position is equal.} 56. Nf4 {Hoping for Ng2+.} Rc2+ 57. Rb2 (57. Kb1 $5 {looks sharper.} Rxf2 58. Ng6+ Kg5 59. Ne5 Kf6 60. Nd3) 57... Rxb2+ 58. Kxb2 {Strongly threatening Ng2+.} Bxf2 59. Kc3 Bg3 60. Nd5 Kxh3 61. a4 f4 62. Nxf4+ 1/2-1/2

[Event "EIWCC 2017"]
[Site "Riga"]
[Date "2017.04.11"]
[Round "1"]
[White "Kashlinskaya, Alina"]
[Black "Zherebtsova, Alexandra"]
[Result "0-1"]
[WhiteElo "2426"]
[BlackElo "2222"]
[Annotator "TA"]
[PlyCount "72"]
[EventDate "2017.??.??"]
[EventType "swiss"]
[EventCountry "LAT"]
[SourceTitle "playchess.com"]
[Source "ChessBase"]
[SourceQuality "1"]

{[%evp 18,72,14,22,28,28,34,43,40,15,35,20,35,27,27,8,0,8,8,2,3,0,0,-19,-16,-50,-50,-130,-129,-115,-21,-468,-468,-525,-537,-529,-523,-530,-529,-565,-253,-635,-623,-614,-550,-547,-521,-516,-514,-491,-448,-532,-512,-495,-445,-511,-452]} 1. d4 d5 2. c4 c6 3. Nf3 Nf6 4. e3 g6 5. Nc3 Bg7 6. Bd3 O-O 7. O-O Be6 8. Qe2 dxc4 9. Bxc4 Bxc4 10. Qxc4 Nbd7 {D94: Grünfeld: 4 Nf3 Bg7 5 e3} (10... b5 11. Qe2 Nbd7 12. e4 b4 13. Nb1 e6 14. b3 c5 15. Bb2 cxd4 16. Nxd4 Qb6 17. Nd2 Ne5 18. Nc2 {1-0 (59) Van Wely,L (2677)-Ernst,S (2595) Netherlands 2011}) 11. e4 Qb8 $146 (11... Qa5 12. Bd2 Rac8 13. h3 c5 14. d5 Qc7 15. Qe2 Ne8 16. Rae1 f6 17. h4 Nd6 18. Bf4 {1-0 (65) Nedic,D (2362)-Jugelt,T (2424) Bargteheide 2010}) 12. Bg5 e5 {White is slightly better.} 13. Rad1 Nb6 14. Qe2 exd4 15. Nxd4 Re8 16. Bxf6 (16. Qd3 $5 {feels hotter.} Nbd7 17. f3 a5 18. b3 Qc7 19. Qe3) 16... Bxf6 17. f4 Qc7 18. e5 Bg7 19. Ne4 Nd5 {[%cal Bb6d5,Bd5e3,Be3d1][%mdl 32]} 20. Qf2 Rad8 21. Kh1 f6 22. exf6 (22. Nc5 $15 Qc8 23. a3) 22... Rxe4 $17 (22... Nxf6 $6 23. Nxf6+ Bxf6 24. f5 $11) 23. fxg7 Qxg7 ({Worse is} 23... Rxf4 24. Ne6 Rxf2 25. Rxf2 Qxg7 26. Nxg7 Kxg7 27. Re2 $16) (23... Kxg7 24. f5 Ne3 25. Ne6+ Rxe6 26. fxe6 Nxd1 27. Qf6+ Kg8 28. g4 $18 (28. e7 Nf2+ 29. Qxf2 Qxe7 $15)) (23... Ne3 $17 24. Rde1 Rde8) 24. f5 $2 {[%mdl 8192]} (24. Nf3 $11 {and White is okay.}) 24... Ne3 $19 25. f6 {[#] White wants to mate with Ne6.} Nxd1 26. Qf3 Qd7 27. Qxe4 Qxd4 28. Qf3 Nf2+ (28... Qxb2 $2 29. h3 $19) (28... Qd3 $142 29. Qxd3 Rxd3) 29. Kg1 $2 (29. Rxf2 Qd1+ 30. Rf1 Qxf3 31. gxf3) 29... Ng4+ {Black is clearly winning.} ({Not} 29... Qxb2 30. Rxf2 Qb1+ 31. Rf1 $17) 30. Kh1 {[#]} Nxf6 $1 {[%mdl 512]} 31. Qb3+ (31. Qxf6 Qxf6) 31... Qd5 32. Qxb7 Qb5 33. Qxb5 cxb5 34. Kg1 Kg7 35. Rc1 Rd7 36. Rc5 Rd1+ 0-1

[Event "EIWCC 2017"]
[Site "Riga"]
[Date "2017.04.11"]
[Round "1"]
[White "Skripchenko, Almira"]
[Black "Semenova, Elena"]
[Result "1/2-1/2"]
[WhiteElo "2420"]
[BlackElo "2212"]
[Annotator "TA"]
[PlyCount "43"]
[EventDate "2017.??.??"]
[EventType "swiss"]
[EventCountry "LAT"]
[SourceTitle "playchess.com"]
[Source "ChessBase"]
[SourceQuality "1"]

{[%evp 11,43,-45,-44,-2,-34,-65,-22,-54,-49,-69,-87,-146,0,-2,0,-75,-64,-168,-151,-161,-156,-161,-166,-164,-145,-147,-165,-212,-100,-215,0,-224,0,-224]} 1. e4 c5 2. b3 g6 {B20: Sicilian: Unusual White 2nd moves} (2... Nf6 3. e5 Nd5 4. Bb2 g6 5. h4 Bg7 6. h5 Nc6 7. Nf3 d6 8. Bb5 Bg4 9. hxg6 hxg6 10. Rxh8+ Bxh8 11. Qe2 dxe5 12. Bxe5 Bxe5 13. Qxe5 {1-0 (35) Navara,D (2734)-Wojtaszek,R (2727) Huaian 2016}) 3. Bb2 Nf6 4. Nc3 Bg7 5. e5 Nh5 6. Nf3 Nc6 {LiveBook: 3 Games} 7. Qe2 O-O 8. Qe4 $146 (8. O-O-O d6 9. exd6 exd6 10. Re1 {0-1 (37) Almeida Toledano,D (2283)-Palac,M (2576) Schwarzach 2015}) 8... Kh8 9. Bb5 Nb4 {Strongly threatening ...f5.} 10. O-O-O d6 11. a3 (11. exd6 $142 exd6 12. Qh4) 11... a6 (11... Bf5 $17 12. Qh4 (12. Qxb7 Nxc2 13. Nh4 Nd4 14. Nxf5 gxf5 15. exd6 Nxb3+ 16. Kb1 Qxd6 $17) 12... Nxc2) 12. Be2 $11 Nc6 {[%cal Rd6e5]} 13. Ng5 (13. d4 $1 $11) 13... Nd4 {And now ...f6 would win.} 14. Bxh5 ({Better is} 14. g4 $1 $15 f5 15. Qe3 (15. Qd5 $2 Nf4 16. Qc4 e6 17. exd6 Qxg5 $19) 15... fxg4 16. e6) 14... Bf5 $19 15. Qh4 {Black must now prevent Bg4.} (15. Qxb7 Rb8 16. Qxa6 (16. Qd5 $2 e6 17. Nxe6 fxe6 18. Qxd6 Bxc2 19. Qxd8 Rfxd8 $19) 16... gxh5 $11) 15... gxh5 16. d3 dxe5 ({Don't do} 16... Bxe5 17. f4 (17. Qxh5 Bg6 18. Qh4 e6 $15) 17... Bg7 18. Qxh5 $15) 17. Qxh5 Bg6 18. Qh3 b5 19. Nf3 {[#]} Bf5 (19... c4 $1 $19 {[%mdl 512] has better winning chances.} 20. Nh4 (20. bxc4 bxc4) 20... cxb3 21. cxb3 b4 22. axb4 Rb8 23. Nxg6+ fxg6) 20. Qh5 (20. g4 $17 {might work better.} Bd7 21. Kb1 (21. Ng5 h6 22. Nf3 Kg8 $15)) 20... Bg6 21. Qh3 $1 Bf5 22. Qh5 $1 1/2-1/2

[Event "EIWCC 2017"]
[Site "Riga"]
[Date "2017.04.11"]
[Round "1"]
[White "Szczepkowska, Karina"]
[Black "Exler, Veronika"]
[Result "1/2-1/2"]
[WhiteElo "2414"]
[BlackElo "2208"]
[Annotator "TA"]
[PlyCount "101"]
[EventDate "2017.??.??"]
[EventType "swiss"]
[EventCountry "LAT"]
[SourceTitle "playchess.com"]
[Source "ChessBase"]
[SourceQuality "1"]

{[%evp 14,101,1,0,20,12,16,-22,-22,-31,-33,-40,-39,-36,-9,-8,0,-18,0,-8,-6,0,16,6,80,-9,-11,-22,0,-18,-7,-27,0,0,0,0,0,0,0,0,0,0,0,0,0,0,24,18,19,0,0,-4,0,0,0,0,0,0,0,0,0,0,0,0,0,0,0,0,0,0,0,0,8,0,0,0,0,0,0,0,0,-580,-575,-416,-43,-479,0,0,0,0]} 1. d4 Nf6 2. c4 e6 3. Nf3 d5 4. g3 Bb4+ 5. Bd2 Be7 6. Bg2 O-O 7. O-O c6 8. Qb3 Ne4 {E11: Bogo-Indian} 9. Bf4 Nd7 10. Rc1 g5 $146 (10... f5 11. Ne5 Nxe5 12. Bxe5 Bf6 13. Bxf6 Qxf6 14. Qe3 f4 15. gxf4 Nd6 16. Nd2 Nf5 {1-0 (64) Shirov,A (2699)-Asrian,K (2635) Sochi 2007}) 11. Be3 f5 12. cxd5 exd5 13. Nc3 Kh8 14. Nxe4 dxe4 15. Ne5 Nxe5 16. dxe5 Qd7 17. Qc3 {[#] e6+ is the strong threat.} Qd5 18. Rd1 Qb5 (18... Qg8 $11 {remains equal.}) 19. Bf1 ({White should play} 19. a4 $16 Qxe2 20. e6+ Kg8 21. Bf1) 19... f4 $11 20. Bd2 Bg4 21. a4 Qc5 22. Qb3 e3 23. fxe3 fxg3 24. hxg3 Rad8 25. Rac1 Qd5 (25... Qxe5 $2 26. Bc3 Qg7 27. Bxg7+ $18) 26. Qxd5 Rxd5 ({Much weaker is} 26... cxd5 $6 27. Bc3 $16) 27. Bg2 Rdd8 ({Of course not} 27... Bxe2 $6 28. Bxd5 Bxd1 29. Bxc6 $16 (29. Rxd1 cxd5 30. Rc1 Bd8 $16)) 28. Bc3 Bxe2 29. Rxd8 Bxd8 (29... Rxd8 $5 {feels hotter.} 30. Be4 Kg8 31. Kg2 Bg4 32. b4 a6) 30. Re1 Bg4 31. Be4 Kg8 32. b4 {[%cal Bb2b4,Bb4b5][%mdl 32]} Bc7 33. b5 Bf3 34. Bxf3 Rxf3 {[%mdl 4096] Endgame KRB-KRB} 35. Kg2 g4 36. bxc6 bxc6 37. Bd4 c5 38. Bxc5 Bxe5 39. Bxa7 Rxg3+ 40. Kf2 Rf3+ 41. Ke2 Rf7 42. Bb6 g3 43. a5 Rf2+ 44. Kd3 Ra2 45. Ke4 Bb8 46. Rd1 Kf7 47. Kd5 $2 {[%mdl 8192]} (47. Rf1+ $11 Ke6 48. Kf3) 47... g2 $19 48. e4 {[#]} Bh2 $2 (48... h5 $1 $19 {aiming for ...h4.} 49. e5 h4) 49. Kc6 $2 {[%mdl 8192]} ({White should try} 49. Kc4 $15) 49... Rxa5 $2 (49... h5 $19 {And now ...Ke6 would win.} 50. Rd7+ Kf6) 50. Bxa5 $11 {Threatens to win with Bb6.} g1=Q 51. Rxg1 1/2-1/2

[Event "EIWCC 2017"]
[Site "Riga"]
[Date "2017.04.11"]
[Round "1"]
[White "Pustovoitova, Daria"]
[Black "Balajayeva, Khanim"]
[Result "0-1"]
[WhiteElo "2411"]
[BlackElo "2196"]
[Annotator "TA"]
[PlyCount "132"]
[EventDate "2017.??.??"]
[EventType "swiss"]
[EventCountry "LAT"]
[SourceTitle "playchess.com"]
[Source "ChessBase"]
[SourceQuality "1"]

{[%evp 24,132,-19,-29,-22,-31,-20,-51,-24,-20,-27,-28,0,-17,-17,-30,-5,-7,-6,-35,16,12,17,12,22,0,0,-11,0,0,0,0,0,0,0,0,10,14,16,0,0,0,0,0,0,0,0,0,33,44,26,46,43,-86,-19,-14,-11,-11,0,0,0,0,0,0,0,0,0,0,0,0,0,-8,0,0,-2,-84,-83,-83,-83,-83,-85,-91,-84,-88,-83,-634,-495,-458,-275,-1127,-1158,-1113,-1068,-1024,-1013,-1263,-1142,-29984,-29985,-29986,-29985,-29987,-4618,-29986,-29987,-29987,-29988,-29989,-29989,-29990,-29989]} 1. e4 e5 2. Nf3 Nc6 3. Bb5 a6 4. Ba4 Nf6 5. O-O Be7 6. d4 exd4 7. e5 Ne4 8. Re1 Nc5 9. Bxc6 dxc6 10. Nxd4 Ne6 {C84: Closed Ruy Lopez: Unusual White 6th moves} (10... O-O 11. Nc3 f5 12. Nce2 Ne6 13. Qd3 Bc5 14. Rd1 Bxd4 15. Nxd4 Qxd4 16. Qxd4 Nxd4 17. Rxd4 Be6 18. Bf4 Rad8 19. Rad1 Rxd4 20. Rxd4 {½-½ (28) Savchenko,B (2608)-Demchenko,A (2588) Nizhny Tagil 2014}) 11. Nf5 Qxd1 12. Rxd1 Bd8 13. Nc3 {LiveBook: 4 Games} O-O 14. Ne4 Re8 15. Be3 $146 (15. b3 b6 16. f3 Nc5 17. Nfg3 Be7 18. Bb2 {½-½ (32) Keber,E (2167)-Dzhafarov,K (2180) ICCF email 2013}) 15... Nf8 16. Nfg3 Bh4 17. f4 Bg4 18. Rf1 Rad8 19. h3 Be6 20. Bf2 Bd5 21. Nc3 Bc4 (21... f6 $15) 22. Nge4 $11 Bxf2+ 23. Rxf2 b6 24. Ng3 a5 25. Nf5 Ng6 26. b3 Ba6 27. Kh2 Bc8 28. Ng3 Rd4 29. Nh5 Red8 30. Re1 Rd2 31. Ree2 Rxe2 32. Rxe2 Rd4 33. Rf2 Kf8 34. g4 Ba6 35. Kg3 Ne7 36. f5 Nd5 37. Nxd5 cxd5 {[%mdl 4096] Endgame KRB-KRN} 38. f6 (38. e6 $14 {stays ahead.} f6 39. h4) 38... g5 (38... g6 $1 $17 {[%cal Rg6h5]} 39. Nf4 g5) 39. e6 $1 {[%cal Re6e7]} fxe6 40. f7 $1 Rd1 {Strongly threatening ...Rg1+.} 41. Nf6 $1 {[%cal Rf6h7]} Kxf7 {Hoping for ...Kg6.} 42. Nxd5+ Kg6 43. Nxc7 Bb7 44. Rf8 {Threatens to win with Ne8.} Rg1+ 45. Kf2 Rg2+ 46. Ke3 {aiming for Ne8.} Rg3+ (46... Rxc2 $2 47. Ne8 Rc3+ 48. Kf2 Rc2+ 49. Ke1 $18) 47. Ke2 Rg2+ 48. Ke1 {Ne8 is the strong threat.} h5 ({Don't capture} 48... Rxc2 $2 49. Ne8 h6 50. Rf6+ Kh7 51. Rf7+ (51. Rxe6 Bg2 $11) 51... Kg8 52. Rxb7 $18) 49. Rb8 (49. gxh5+ $11 Kxh5 50. Rh8+ (50. Nxe6 Rxc2 51. Rg8 Kh4 $11) 50... Kg6 51. Nxe6) 49... hxg4 $17 50. hxg4 Bf3 51. Rxb6 Bxg4 52. Kf1 Rxc2 53. Nxe6 {And now Nd4+ would win.} Rxa2 54. Rc6 $2 {[%mdl 8192]} (54. Nd4+ $17 Kh5 55. Ke1) 54... Bxe6 $19 55. Rxe6+ {KR-KR} Kf5 56. Rc6 $2 (56. Rd6) 56... Kg4 $1 {[%cal Rg4g3]} 57. Kg1 Kh4 58. Rc3 {[#]} g4 $1 {[%cal Bg5g4,Bg4g3,Bg3g2][%mdl 32]} 59. Rc5 {[#]} Kh3 $1 60. Rc1 g3 61. Rb1 Rc2 62. Kh1 g2+ 63. Kg1 Rc3 {Black mates.} 64. Ra1 Rxb3 65. Rc1 a4 {[%cal Ba5a4,Ba4a3][%mdl 32]} 66. Ra1 a3 0-1

[Event "EIWCC 2017"]
[Site "Riga"]
[Date "2017.04.11"]
[Round "1"]
[White "Hoolt, Sarah"]
[Black "Erneste, Inguna"]
[Result "1-0"]
[WhiteElo "2398"]
[BlackElo "2168"]
[Annotator "TA"]
[PlyCount "123"]
[EventDate "2017.??.??"]
[EventType "swiss"]
[EventCountry "LAT"]
[SourceTitle "playchess.com"]
[Source "ChessBase"]
[SourceQuality "1"]

{[%evp 16,123,29,28,35,31,41,32,35,17,62,41,66,40,67,0,0,0,0,4,6,2,4,0,0,-32,0,0,0,-2,-7,-50,-27,-25,-40,-54,-30,-38,-31,-48,-29,-32,-9,-8,-9,-42,-40,-49,0,0,0,0,52,-24,71,70,110,98,130,130,158,162,156,156,156,147,162,156,142,118,140,138,177,177,193,192,195,196,233,233,268,249,238,200,300,287,302,273,371,194,188,192,194,89,292,254,279,295,445,444,564,483,472,381,949,933,1027,1025,5014,4810]} 1. e4 e5 2. Nf3 Nc6 3. Bb5 a6 4. Ba4 Nf6 5. d3 d6 6. c3 Be7 7. Nbd2 {[%cal Bb1d2,Bd2f1,Bf1g3][%mdl 32]} O-O 8. O-O b5 9. Bc2 Re8 {C77: Ruy Lopez: 3...a6 4 Ba4 Nf6, unusual lines} 10. Re1 Bf8 11. Nf1 h6 {White is slightly better.} (11... Nb8 12. d4 Nbd7 13. Ng3 Bb7 14. b3 g6 15. a4 Bg7 16. Bd3 d5 17. Bg5 dxe4 18. Bxe4 Bxe4 19. Nxe4 exd4 20. Nxd4 {1-0 (44) Carlsen,M (2840)-Hansen,E (2603) chess.com INT 2017}) 12. Ng3 g6 13. h3 Bb7 14. Nh2 d5 15. Ng4 (15. exd5 $1 $14 Qxd5 16. Ng4 Nxg4 17. hxg4 (17. Qxg4 Na5 18. f3 c5 $14)) 15... Nxg4 $11 16. Qxg4 $146 (16. hxg4 Bg7 17. exd5 Qxd5 {1-0 (32) Galkin,A (2608)-Bartel,M (2608) Khanty-Mansiysk 2007}) 16... Bc8 17. Qf3 d4 18. Bb3 Be6 19. Bd5 Qd7 20. a4 Rad8 {[%cal Re6d5]} 21. axb5 axb5 {[%cal Re6d5]} 22. Ra6 Nb8 $1 {[%cal Rb8a6]} 23. Bxe6 Rxe6 (23... fxe6 $6 24. Ra1 $11) 24. Rxe6 Qxe6 25. cxd4 Rxd4 26. Ne2 Rd8 27. Qg3 Nc6 28. Nc3 $1 Nd4 29. Qh4 $1 $36 {[%cal Rh4d8][%mdl 2048] White has some pressure.} g5 30. Qg3 {[#] Bxg5! is the strong threat.} ({Don't play} 30. Bxg5 Qg6 31. Bxd8 Nf3+ 32. Kh1 Nxh4 33. Bxh4 c6 $17) 30... f6 31. Be3 c6 32. Bxd4 Rxd4 33. Ne2 Rd8 (33... Rb4 $11) 34. Rc1 (34. Qe3 $14) 34... Kf7 (34... f5 $11 {keeps the balance.}) 35. Qf3 $16 Kg7 36. Ng3 Kh7 37. Ra1 Rd7 38. Ra8 Bg7 39. Nf5 Rc7 40. Qh5 Rd7 41. Re8 Qf7 42. Qxf7 Rxf7 {[%mdl 4096] Endgame KRB-KRN} 43. Rc8 Bf8 44. Rxc6 Kg6 45. Ne3 Ra7 46. Ng4 Ra1+ 47. Kh2 Kg7 48. Nxf6 Rb1 49. Nd7 Be7 (49... Rxb2 $142 50. Rb6 (50. Nxe5 Rxf2 51. Nf3 b4 $16) 50... Rxf2 51. Rxb5 (51. Nxe5 Rd2 52. Rb7+ Kg8 $16) 51... Ba3 52. Nxe5 Bd6) 50. Nxe5 $18 Rxb2 51. Kg3 b4 52. Nc4 (52. Rg6+ $142 Kf8 53. Rxh6) 52... Rb3 53. Kg4 Rxd3 54. Kf5 (54. Ne3 $18 {has better winning chances.}) 54... Rd4 $2 (54... Rc3 $16) 55. Rc7 Kf8 56. Ke5 Rd3 (56... Rd8 $142 57. Ke6 Rd4) 57. Ke6 Bd8 58. Rb7 b3 59. Ne5 Rc3 $2 (59... Rd2 60. Nc6 b2 61. Nxd8 Rxd8 62. Rxb2 Kg7) 60. Rb8 {White is clearly winning.} Ke8 61. Nf7 {[%csl Gf7][%cal Rb8d8] [#]} Rc6+ 62. Nd6+ 1-0